Les carrés parfaits de 1 à 15 - Statistiques

Statistiques générales
  • Ce quiz a été pris 315 fois
  • Le résultat moyen est 11 sur 15
Statistiques - réponses
Hint Réponse % Correct
1
100%
4
99%
9
97%
16
96%
25
95%
36
94%
49
89%
81
86%
64
85%
10² 100
84%
11² 121
72%
12² 144
57%
13² 169
36%
15² 225
29%
14² 196
26%
Aucun quiz correspondant
Distribution des résultats
% des personnes avec chaque résultat
Percentile par nombre de réponses
Votre historique - résultats
Vous n’avez pas pris ce quiz